| 000 | 00541nam a2200193Ia 4500 | ||
|---|---|---|---|
| 003 | GCL | ||
| 008 | 140319s9999 xx 000 0 eng d | ||
| 040 |
_aGCL / _cGCL |
||
| 082 | 0 | 4 |
_a658.4 _bF M |
| 100 | 1 | _aFROST, PETER J. | |
| 245 | 1 | 0 |
_aMANAGERIAL REALITY: BALANCING TECHNIQUE PRACTICE AND VALVES / _cFROST, PETER J. |
| 700 | 1 | _aMITCHELL, VANCE F. | |
| 700 | 1 | _aNORD, WALTER R. | |
| 260 |
_a[S.N] : _bHARPER AND BROTHERS ، _c1995 |
||
| 300 | _a425 P | ||
| 650 | 0 | 4 | _aMANAGEMENT |
| 650 | 0 | 4 | _aINDUSTRIAL MANAGEMENT |
| 942 |
_2ddc _cBK |
||
| 999 |
_c11650 _d11650 |
||